Central Library OPAC University of Rajshahi

Cellular and molecular immunology / (Record no. 36933)

MARC details
000 -LEADER
fixed length control field 01165nam a22003494a 4500
001 - CONTROL NUMBER
control field 36933
003 - CONTROL NUMBER IDENTIFIER
rucl marc code BD-RjUL
005 - DATE AND TIME OF LATEST TRANSACTION
control field 20211209052547.0
008 - FIXED-LENGTH DATA ELEMENTS--GENERAL INFORMATION
fixed length control field 020606s2003 paua b 001 0 eng
020 ## - INTERNATIONAL STANDARD BOOK NUMBER
International Standard Book Number 0721600085
035 ## - SYSTEM CONTROL NUMBER
System control number (DNLM)101147103
040 ## - CATALOGING SOURCE
Original cataloging agency DNLM/DLC
Transcribing agency DLC
Modifying agency DLC
-- BD-RjUL
Language of cataloging eng
041 ## - LANGUAGE CODE
Language code of text/sound track or separate title eng
060 10 - NATIONAL LIBRARY OF MEDICINE CALL NUMBER
Classification number QW 568
Item number A122c 2003
082 00 - DEWEY DECIMAL CLASSIFICATION NUMBER
Classification number 616.079
Edition number 21
Author mark and year ABC 2003
100 1# - MAIN ENTRY--PERSONAL NAME
Personal name Abbas, Abul K.
9 (RLIN) 112788
245 10 - TITLE STATEMENT
Title Cellular and molecular immunology /
Statement of responsibility, etc. Abul K. Abbas, Andrew H. Lichtman ; illustrations by David L. Baker, Alexandra Baker.
250 ## - EDITION STATEMENT
Edition statement 5th ed.
260 ## - PUBLICATION, DISTRIBUTION, ETC. (IMPRINT)
Place of publication, distribution, etc. Philadelphia :
Name of publisher, distributor, etc. Saunders,
Date of publication, distribution, etc. c2003.
300 ## - PHYSICAL DESCRIPTION
Pagination 562 p. :
Illustrations col. ill. ;
Size 28 cm.
504 ## - BIBLIOGRAPHY, ETC. NOTE
Bibliography, etc Includes bibliographical references and index.
650 #0 - SUBJECT ADDED ENTRY--TOPICAL TERM
Topical term or geographic name as entry element Cellular immunity.
9 (RLIN) 112789
Topical term or geographic name as entry element Molecular immunology.
9 (RLIN) 112790
Topical term or geographic name as entry element Immunity, Cellular.
9 (RLIN) 112791
Topical term or geographic name as entry element Antibody Formation
General subdivision immunology.
9 (RLIN) 112792
Topical term or geographic name as entry element Antigens
General subdivision immunology.
9 (RLIN) 112793
Topical term or geographic name as entry element Immunologic Diseases
General subdivision immunology.
9 (RLIN) 112794
Topical term or geographic name as entry element Lymphocytes
General subdivision immunology.
9 (RLIN) 112795
942 ## - ADDED ENTRY ELEMENTS (KOHA)
Source of classification or shelving scheme Dewey Decimal Classification
Koha item type Books
Holdings
Lost status Source of classification or shelving scheme Damaged status Not for loan Permanent Location Current Location Shelving location Date acquired Source of acquisition Cost, normal purchase price Total Checkouts Full call number Date last seen Copy number Koha item type
  Dewey Decimal Classification   Not For Loan Institute of Biological Sciences (IBSc) Library Institute of Biological Sciences (IBSc) Library   20/07/2018 Karim International 2440.00   616.079 ABC 2003 23/09/2014 C-1 Books